000 00539nam a2200169 i 4500
001 126066
003 ES-MaACL
005 20230906192741.0
007 t|
008 070214s1966 sp |||| |aspa d
100 1 _aReina, María Oliva.
_996028
245 1 0 _aCasi autobiografía de la madre María Oliva Reina.
260 _aPuerto de Santa María [Cádiz] :
_b[s. n.],
_c1966 (
_eJerez :
_fImp. Jerez Industrial)
300 _a198 p., 1 lám. :
_bil. ;
_c19 cm.
600 1 4 _aReina, María Oliva.
_996028
852 _aES-MaACL
_jC-29909
999 _c126066
_d126066